000 00621nam a22002057a 4500
999 _c8876
_d8876
003 AR-CdUCM
008 190326b ||||| |||| 00| 0 spa d
040 _aMUNICIPALIDAD PROVINCIAL DEL CUSCO
_cBIBLIOTECA MUNICIPAL DEL CUSCO
082 _a869.56 /
_bS18
100 _aSalas Gamarra, Jesús Armando
_924683
245 _aPoemario Indion /
260 _aPerú :
_c1958.
300 _a80 páginas ;
_c21.3 cm.
500 _aContiene dedicatoria del mismo autor a Luis Nieto.
650 _aPoesia Cusqueña
_92323
650 _aIndigenismo
_9208
650 _aPoesia Peruana
_9280
942 _2ddc
_cLIBROS
945 _artm